Poesie di Gabriele D'Annunzio (Record no. 51757)

MARC details
000 -LEADER
campo de control de longitud fija 00591nam a2200193 i 4500
001 - NÚMERO DE CONTROL
campo de control 51757
003 - IDENTIFICADOR DE NÚMERO DE CONTROL
campo de control ES-MaACL
005 - FECHA Y HORA DE LA ÚLTIMA TRANSACCIÓN
campo de control 20240510063042.0
007 - CAMPO FIJO DE DESCRIPCIÓN FÍSICA--INFORMACIÓN GENERAL
campo de control de longitud fija t|
008 - DATOS DE LONGITUD FIJA--INFORMACIÓN GENERAL
campo de control de longitud fija 030818s1899 it ||||1| ita d
100 1# - ENTRADA PRINCIPAL--NOMBRE DE PERSONA
Nombre de persona D'Annunzio, Gabriele,
Fechas asociadas al nombre 1863-1938
9 (RLIN) 42351
245 10 - MENCIÓN DEL TÍTULO
Título Poesie di Gabriele D'Annunzio
Resto del título : Poema paradisiaco ; Odi navali : (1891-1893) /
Mención de responsabilidad, etc. Gabriele D'Annunzio.
260 ## - PUBLICACIÓN, DISTRIBUCIÓN, ETC.
Lugar de publicación, distribución, etc. Milano :
Nombre del editor, distribuidor, etc. Fratelli Treves,
Fecha de publicación, distribución, etc. 1899.
300 ## - DESCRIPCIÓN FÍSICA
Extensión 226 p. ;
Dimensiones 15 cm.
740 0# - ENTRADA AGREGADA--TÍTULO RELACIONADO/ANALÍTICO NO CONTROLADO
Título relacionado o analítico no controlado Poema paradisiaco.
740 0# - ENTRADA AGREGADA--TÍTULO RELACIONADO/ANALÍTICO NO CONTROLADO
Título relacionado o analítico no controlado Odi navali.
852 ## - LOCALIZACIÓN
Ubicación ES-MaACL
Número de control de estantería F-10150
Holdings
Estatus retirado Estado de pérdida Estado de daño No para préstamo Colección Biblioteca de origen Biblioteca actual Ubicación en estantería Fecha de adquisición Fuente de adquisición Total de préstamos Signatura topográfica completa Código de barras Visto por última vez Precio de reemplazo Tipo de ítem Koha
        Libros del s. XIX Biblioteca del Ateneo de Madrid Biblioteca del Ateneo de Madrid Sala Pecera Planta 2 17/01/2008     F-10150 1054425 23/02/2023 23/02/2023 Libro impreso antiguo